00454nam a2200181 a 4500001001300000003000900013005001700022008004100039020000900080082001700089100001400106245001700120260004900137300000900186500003500195650002800230700001400258nice12345678IN_TiNIC20260116013945.0070620s1972 newa grp 000 0 eng  ac2800a922.97bMUJ1 aMujeeb, M aZakir Husain aNew DelhibNational Book Trust, India c1972 a248p aincludes index and biblioraphy aZakir Hussain-Biography1 aMujeeb, M